Statistiques concernant Pokémon partie 1 : 1ère gén à la 4ème gén (493 premiers)

Cliquez ici pour prendre le quiz!

Statistiques générales

  • Ce quiz a été pris 106 fois
  • Le résultat moyen est 393 sur 493

Statistiques - réponses

#PokémonType 1Type 2% Correct
010ChenipanINSECTE/
100%
134AqualiEAU/
97%
144ArtikodinGLACEVOL
97%
013AspicotINSECTEPOISON
97%
001bulbizarrePLANTEPOISON
97%
008CarabaffeEAU/
97%
007CarapuceEAU/
97%
011ChrysacierINSECTE/
97%
014CoconfortINSECTEPOISON
97%
015DardargnanINSECTEPOISON
97%
006DracaufeuFEUVOL
97%
148DracoDRAGON/
97%
149DracolosseDRAGONVOL
97%
094EctoplasmaSPECTREPOISON
97%
145ÉlecthorELECTRIKVOL
97%
133ÉvoliNORMAL/
97%
092FantominusSPECTREPOISON
97%
003florizarrePLANTEPOISON
97%
075GravalanchROCHESOL
97%
076GrolemROCHESOL
97%
002herbizarrePLANTEPOISON
97%
130LéviatorEAUVOL
97%
129MagicarpeEAU/
97%
173MéloFEE/
97%
036MélodelfeFEE/
97%
035MéloféeFEE/
97%
147MinidracoDRAGON/
97%
042NosferaltoPOISONVOL
97%
041NosferaptiPOISONVOL
97%
012PapilusionINSECTEVOL
97%
021PiafabecNORMALVOL
97%
025PikachuELECTRIK/
97%
118PoissirèneEAU/
97%
119PoissoroyEAU/
97%
136PyroliFEU/
97%
074RacaillouROCHESOL
97%
026RaichuELECTRIK/
97%
005ReptincelFEU/
97%
143RonflexNORMAL/
97%
018RoucarnageNORMALVOL
97%
016RoucoolNORMALVOL
97%
017RoucoupsNORMALVOL
97%
004SalamècheFEU/
97%
093SpectrumSPECTREPOISON
97%
146SulfuraFEUVOL
97%
009TortankEAU/
97%
135VoltaliELECTRIK/
97%
023AboPOISON/
94%
063AbraPSY/
94%
065AlakazamPSY/
94%
024ArbokPOISON/
94%
125ÉlektekELECTRIK/
94%
078GalopaFEU/
94%
152GermignonPLANTE/
94%
140KabutoROCHEEAU
94%
141KabutopsROCHEEAU
94%
064KadabraPSY/
94%
106KickleeCOMBAT/
94%
066MachocCOMBAT/
94%
067MachopeurCOMBAT/
94%
068MackogneurCOMBAT/
94%
240MagbyFEU/
94%
126MagmarFEU/
94%
081MagnétiELECTRIKACIER
94%
082MagnétonELECTRIKACIER
94%
151MewPSY/
94%
150MewtwoPSY/
94%
052MiaoussNORMAL/
94%
122M. MimePSYFEE
94%
043MystherbePLANTEPOISON
94%
044OrtidePLANTEPOISON
94%
053PersianNORMAL/
94%
077PonytaFEU/
94%
045RafflesiaPLANTEPOISON
94%
022RapasdepicNORMALVOL
94%
019RattataNORMAL/
94%
020RattatacNORMAL/
94%
112RhinoférosSOLROCHE
94%
139AmonistarROCHEEAU
91%
138AmonitaROCHEEAU
91%
251CelebiPSYPLANTE
91%
069ChétiflorPLANTEPOISON
91%
239ÉlekidELECTRIK/
91%
038FeunardFEU/
91%
471GivraliGLACE/
91%
037GoupixFEU/
91%
040GrodoudouNORMALFEE
91%
250Ho-OhFEUVOL
91%
113LeveinardNORMAL/
91%
131LokhlassEAUGLACE
91%
249LugiaPSYVOL
91%
462MagnézoneELECTRIKACIER
91%
154MéganiumPLANTE/
91%
029Nidoran ♀POISON/
91%
032Nidoran ♂POISON/
91%
033NidorinoPOISON/
91%
197NoctaliTENEBRES/
91%
095OnixROCHESOL
91%
137PorygonNORMAL/
91%
255PoussifeuFEU/
91%
142PtéraVOL/
91%
060PtitardEAU/
91%
111RhinocorneSOLROCHE
91%
039RondoudouNORMALFEE
91%
109SmogoPOISON/
91%
110SmogogoPOISON/
91%
050TaupiqueurSOL/
91%
051TriopikeurSOL/
91%
107TygnonCOMBAT/
91%
049AéromiteINSECTEPOISON
88%
055AkwakwakEAU/
88%
160AligatueurEAU/
88%
252ArckoPLANTE/
88%
070BoustiflorPLANTEPOISON
88%
159CrocrodilEAU/
88%
091CrustabriEAUGLACE
88%
085DodrioNORMALVOL
88%
084DoduoNORMALVOL
88%
373DrattakDRAGONVOL
88%
466ÉlekableELECTRIK/
88%
071EmpiflorPLANTEPOISON
88%
256GalifeuFEUCOMBAT
88%
258GobouEAU/
88%
446GoinfrexNORMAL/
88%
383GroudonSOL/
88%
155HéricendreFEU/
88%
097HypnomadePSY/
88%
117HypocéanEAU/
88%
116HypotrempeEAU/
88%
254JungkoPLANTE/
88%
158KaiminusEAU/
88%
382KyogreEAU/
88%
153MacroniumPLANTE/
88%
467MaganonFEU/
88%
253MasskoPLANTE/
88%
196MentaliPSY/
88%
048MimitossINSECTEPOISON
88%
034NidokingPOISONSOL
88%
031NidoqueenPOISONSOL
88%
030NidorinaPOISON/
88%
470PhyllaliPLANTE/
88%
054PsykokwakEAU/
88%
114SaquedeneuPLANTE/
88%
127ScarabruteINSECTE/
88%
096SoporifikPSY/
88%
120StariEAU/
88%
121StarossEAUPSY
88%
208SteelixACIERSOL
88%
245SuicuneEAU/
88%
062TartardEAUCOMBAT
88%
072TentacoolEAUPOISON
88%
073TentacruelEAUPOISON
88%
175TogepiFEE/
88%
157TyphlosionFEU/
88%
059ArcaninFEU/
85%
257BraségaliFEUCOMBAT
85%
058CaninosFEU/
85%
241ÉcrémeuhNORMAL/
85%
246EmbrylexROCHESOL
85%
244EnteiFEU/
85%
080FlagadossEAUPSY
85%
282GardevoirPSYFEE
85%
123InsécateurINSECTEVOL
85%
115KangourexNORMAL/
85%
237KapoeraCOMBAT/
85%
281KirliaPSYFEE
85%
090KokiyasEAU/
85%
099KrabbossEAU/
85%
098KrabbyEAU/
85%
260LaggronEAUSOL
85%
087LamantineEAUGLACE
85%
124LippoutouGLACEPSY
85%
103NoadkokoPLANTEPSY
85%
164NoarfangNORMALVOL
85%
086OtariaEAU/
85%
233Porygon2NORMAL/
85%
243RaikouELECTRIK/
85%
079RamolossEAUPSY
85%
384RayquazaDRAGONVOL
85%
378RegiceGLACE/
85%
377RegirockROCHE/
85%
379RegisteelACIER/
85%
027SabeletteSOL/
85%
028SablaireauSOL/
85%
361StalgaminGLACE/
85%
280TarsalPSYFEE
85%
128TaurosNORMAL/
85%
061TêtarteEAU/
85%
468TogekissFEEVOL
85%
176TogeticFEEVOL
85%
389TorterraPLANTESOL
85%
387TortipoussPLANTE/
85%
248TyranocifROCHETENEBRES
85%
100VoltorbeELECTRIK/
85%
247YmphectROCHESOL
85%
279BekipanEAUVOL
82%
268BlindalysINSECTE/
82%
388BoskaraPLANTE/
82%
465BouldeneuPLANTE/
82%
083CanartichoNORMALVOL
82%
400CastornoNORMALEAU
82%
308CharminaCOMBATPSY
82%
265ChenipotteINSECTE/
82%
221CochignonGLACESOL
82%
198CornèbreTENEBRESVOL
82%
236DebugantCOMBAT/
82%
229DémolosseTENEBRESFEU
82%
371DrabyDRAGON/
82%
101ElectrodeELECTRIK/
82%
200FeuforêveSPECTRE/
82%
156FeurissonFEU/
82%
487GiratinaSPECTREDRAGON
82%
278GoéliseEAUVOL
82%
262GrahyènaTENEBRES/
82%
089GrotadmorvPOISON/
82%
485HeatranFEUACIER
82%
230HyporoiEAUDRAGON
82%
385JirachiACIERPSY
82%
399KeunotorNORMAL/
82%
242LeuphorieNORMAL/
82%
238LippoutiGLACEPSY
82%
195MaraisteEAUSOL
82%
261MedhyènaTENEBRES/
82%
132MétamorphNORMAL/
82%
479MotismaELECTRIKSPECTRE
82%
102NoeunoeufPLANTEPSY
82%
169NostenferPOISONVOL
82%
362OniglaliGLACE/
82%
390OuisticramFEU/
82%
046ParasINSECTEPLANTE
82%
047ParasectINSECTEPLANTE
82%
172PichuELECTRIK/
82%
486RegigigasNORMAL/
82%
214ScarhinoINSECTECOMBAT
82%
472ScorvolSOLVOL
82%
392SimiabrazFEUCOMBAT
82%
088TadmorvPOISON/
82%
393TiploufEAU/
82%
174ToudoudouNORMALFEE
82%
227AirmureACIERVOL
79%
437ArchéodongACIERPSY
79%
436ArchéomireACIERPSY
79%
266ArmulysINSECTE/
79%
194AxolotoEAUSOL
79%
445CarchacrokDRAGONSOL
79%
267CharmillonINSECTEVOL
79%
412ChenitiINSECTE/
79%
391ChimpenfeuFEUCOMBAT
79%
212CizayoxINSECTEACIER
79%
057ColossingeCOMBAT/
79%
482CréfadetPSY/
79%
481CréfolletPSY/
79%
480CréhelfPSY/
79%
488CresseliaPSY/
79%
386DéoxysPSY/
79%
483DialgaACIERDRAGON
79%
372DrackhausDRAGON/
79%
358ÉokoPSY/
79%
398ÉtouraptorNORMALVOL
79%
396ÉtourmiNORMALVOL
79%
056FérosingeCOMBAT/
79%
259FlobioEAUSOL
79%
163HoothootNORMALVOL
79%
380LatiasDRAGONPSY
79%
381LatiosDRAGONPSY
79%
345LiliaROCHEPLANTE
79%
490ManaphyEAU/
79%
307MéditikkaCOMBATPSY
79%
376MétalosseACIERPSY
79%
375MétangACIERPSY
79%
439Mime Jr.PSYFEE
79%
312NégapiELECTRIK/
79%
105OssatueurSOL/
79%
104OsselaitSOL/
79%
484PalkiaEAUDRAGON
79%
269PapinoxINSECTEPOISON
79%
181PharampELECTRIK/
79%
489PhioneEAU/
79%
395PingoléonEAUACIER
79%
474Porygon-ZTENEBRES/
79%
311PosipiELECTRIK/
79%
394PrinploufEAU/
79%
440PtiraviNORMAL/
79%
199RoigadaEAUPSY
79%
336SéviperPOISON/
79%
319SharpedoEAUTENEBRES
79%
492ShayminPLANTEVOL
79%
299TarinorROCHE/
79%
302TénéfixSPECTRETENEBRES
79%
374TerhalACIERPSY
79%
357TropiusPLANTEVOL
79%
179WattouatELECTRIK/
79%
493ArceusNORMAL/
76%
411BastiodonROCHEACIER
76%
425BaudriveSPECTREVOL
76%
460BlizzaroiPLANTEGLACE
76%
459BlizziPLANTEGLACE
76%
318CarvanhaEAUTENEBRES
76%
430CorbossTENEBRESVOL
76%
189CotovolPLANTEVOL
76%
491DarkraiTENEBRES/
76%
410DinoclierROCHEACIER
76%
310ÉlecsprintELECTRIK/
76%
397ÉtourvolNORMALVOL
76%
108ExcelangueNORMAL/
76%
162FouinarNORMAL/
76%
161FouinetteNORMAL/
76%
305GalegonACIERROCHE
76%
304GalekidACIERROCHE
76%
306GalekingACIERROCHE
76%
475GallamePSYCOMBAT
76%
187GranivolPLANTEVOL
76%
443GriknotDRAGONSOL
76%
426GrodriveSPECTREVOL
76%
277HélédelleNORMALVOL
76%
180LainergieELECTRIK/
76%
171LanturnEAUELECTRIK
76%
218LimagmaFEU/
76%
403LixyELECTRIK/
76%
272LudicoloEAUPLANTE
76%
404LuxioELECTRIK/
76%
405LuxrayELECTRIK/
76%
228MalosseTENEBRESFEU
76%
473MammochonGLACESOL
76%
220MarcacrinGLACESOL
76%
478MomartikGLACESPECTRE
76%
276NirondelleNORMALVOL
76%
202QulbutokéPSY/
76%
464RhinastocSOLROCHE
76%
406RozboutonPLANTEPOISON
76%
207ScorplaneSOLVOL
76%
338SolarocROCHEPSY
76%
263ZigzatonNORMAL/
76%
359AbsolTENEBRES/
73%
334AltariaDRAGONVOL
73%
348ArmaldoROCHEINSECTE
73%
184AzumarillEAUFEE
73%
298AzurillNORMALFEE
73%
323CaméruptFEUSOL
73%
444CarmacheDRAGONSOL
73%
409CharkosROCHE/
73%
324ChartorFEU/
73%
454CoatoxPOISONCOMBAT
73%
309DynavoltELECTRIK/
73%
203GirafarigNORMALPSY
73%
273GrainipiotPLANTE/
73%
297HariyamaCOMBAT/
73%
450HippodocusSOL/
73%
328KraknoixSOL/
73%
264LinéonNORMAL/
73%
271LombreEAUPLANTE
73%
170LoupioEAUELECTRIK
73%
429MagirêveSPECTRE/
73%
335MangriffNORMAL/
73%
183MarillEAUFEE
73%
289MonaflèmitNORMAL/
73%
177NatuPSYVOL
73%
477NoctunoirSPECTRE/
73%
287ParecoolNORMAL/
73%
274PifeuilPLANTETENEBRES
73%
315RoséliaPLANTEPOISON
73%
407RoseradePLANTEPOISON
73%
337SélérocROCHEPSY
73%
185SimularbreROCHE/
73%
476TarinormeROCHEACIER
73%
186TarpaudEAU/
73%
333TyltonNORMALVOL
73%
346VacilysROCHEPLANTE
73%
288VigorothNORMAL/
73%
219VolcaropodFEUROCHE
73%
178XatuPSYVOL
73%
469YanmégaINSECTEVOL
73%
347AnorithROCHEINSECTE
70%
283ArakdoINSECTEEAU
70%
285BalignonPLANTE/
70%
349BarpauEAU/
70%
295BrouhabamNORMAL/
70%
331CacneaPLANTE/
70%
332CacturnePLANTETENEBRES
70%
225CadoizoGLACEVOL
70%
286ChapignonPLANTECOMBAT
70%
413CheniselleINSECTE/
70%
293ChuchmurNORMAL/
70%
453CradopaudPOISONCOMBAT
70%
226DémantaEAUVOL
70%
232DonphanSOL/
70%
188FloravolPLANTEVOL
70%
449HippopotasSOL/
70%
182JoliflorPLANTE/
70%
344KaorineSOLPSY
70%
408KranidosROCHE/
70%
330LibégonSOLDRAGON
70%
448LucarioCOMBATACIER
70%
296MakuhitaCOMBAT/
70%
350MilobellusEAU/
70%
292MunjaINSECTESPECTRE
70%
418MustébouéeEAU/
70%
419MustéflottEAU/
70%
303MysdibuleACIERFEE
70%
270NénupiotEAUPLANTE
70%
290NingaleINSECTESOL
70%
417PachirisuELECTRIK/
70%
231PhanpySOL/
70%
369RelicanthEAUROCHE
70%
447RioluCOMBAT/
70%
355SkelénoxSPECTRE/
70%
442SpiritombSPECTRETENEBRES
70%
275TengalicePLANTETENEBRES
70%
356TéraclopeSPECTRE/
70%
455VortentePLANTE/
70%
193YanmaINSECTEVOL
70%
201ZarbiPSY/
70%
416ApireineINSECTEVOL
67%
415ApitriniINSECTEVOL
67%
458BabimantaEAUVOL
67%
340BarbichaEAUSOL
67%
339BarlocheEAUSOL
67%
322ChamallotFEUSOL
67%
342ColhomardEAUTENEBRES
67%
222CorayonEAUROCHE
67%
463CoudlangueNORMAL/
67%
341ÉcrapinceEAU/
67%
205ForetressINSECTEACIER
67%
192HéliatroncPLANTE/
67%
365KaimorseGLACEEAU
67%
433KorillonPSY/
67%
370LovdiscEAU/
67%
438ManzaïROCHE/
67%
167MimigalINSECTEPOISON
67%
434MoufouettePOISONTENEBRES
67%
313MucioleINSECTE/
67%
291NinjaskINSECTEVOL
67%
224OctilleryEAU/
67%
360OkéokéPSY/
67%
414PapilordINSECTEVOL
67%
364PhogleurGLACEEAU
67%
294RamboumNORMAL/
67%
223RémoraidEAU/
67%
191TournegrinPLANTE/
67%
329VibraninfSOLDRAGON
67%
343BalbutoSOLPSY
64%
354BranetteSPECTRE/
64%
431ChaglamNORMAL/
64%
366CoquiperlEAU/
64%
165CoxyINSECTEVOL
64%
166CoxyclaqueINSECTEVOL
64%
401CrikzikINSECTE/
64%
461DimoretTENEBRESGLACE
64%
215FarfuretTENEBRESGLACE
64%
314LumivoleINSECTE/
64%
284MaskadraINSECTEVOL
64%
402MélokrikINSECTE/
64%
168MigalosINSECTEPOISON
64%
435MoufflairPOISONTENEBRES
64%
363ObalieGLACEEAU
64%
204PomdepikINSECTE/
64%
368RosabyssEAU/
64%
367SerpangEAU/
64%
213CaratrocINSECTEROCHE
61%
420CeribouPLANTE/
61%
421CeriflorPLANTE/
61%
301DelcattyNORMAL/
61%
452DrascorePOISONTENEBRES
61%
456ÉcayonEAU/
61%
210GranbullFEE/
61%
427LaporeilleNORMAL/
61%
428LockpinNORMAL/
61%
457LuminéonEAU/
61%
441PijakoNORMALVOL
61%
211QwilfishEAUPOISON
61%
451RapionPOISONINSECTE
61%
300SkittyNORMAL/
61%
209SnubbullFEE/
61%
327SpindaNORMAL/
61%
320WailmerEAU/
61%
321WailordEAU/
61%
432ChaffreuxNORMAL/
58%
206InsolourdoNORMAL/
58%
352KécléonNORMAL/
58%
353PolichombrSPECTRE/
58%
235QueuloriorNORMAL/
58%
422SancokiEAU/
58%
423TritosorEAUSOL
58%
317AvaltoutPOISON/
55%
190CapumainNORMAL/
55%
234CerfrousseNORMAL/
55%
316GlouptiPOISON/
55%
325SpoinkPSY/
55%
326GroretPSY/
52%
424CapidextreNORMAL/
48%
216TeddiursaNORMAL/
48%
217UrsaringNORMAL/
48%
351MorphéoNORMAL/
45%

Distribution des résultats

Percentile par nombre de réponses

% des personnes avec chaque résultat

Votre développement - résultats

Vous n’avez pas pris ce quiz